000 00414nam a2200157Ia 4500
008 160316s1961 xxu||||| |||| 00| 0 eng d
082 _a346.066000
_bSHA
100 _aSharma Girish Chandra
245 _aTaxation of companies
250 _a
260 _aDelhi
_bTaxation
_c1961
300 _a208p
_b
_c
365 _b Gratis
650 _a1.Corporate Taxation - India 2.Tax Laws - Corporate Tax
700 _a
_a
999 _c24369
_d24369